| 000 | 00880nam a22002295i 4500 | ||
|---|---|---|---|
| 001 | 156552 | ||
| 003 | ES-MaACL | ||
| 005 | 20250801160900.0 | ||
| 008 | 990701s1841 fr |||| | fre d | ||
| 040 |
_aCLM _bspa _cCCPB | 3D |
||
| 100 | 1 |
_aKant, Immanuel, _d1724-1804 _9222608 |
|
| 245 | 1 | 3 |
_aLa religion dans les limites de la raison / _cPar E. Kant ; traduit de l'allemand par J. Trullard ; avec une lettre adressèe au traducteur par M.E. Quinet. |
| 260 |
_aA Paris : _bLibraire de Ladrange, _c1841 ( _fDe l'imprimerie de Crapelet) |
||
| 300 |
_aXXVII, 392 p. ; _c22 cm. |
||
| 597 | _aAntep. | ||
| 650 | 4 |
_aReligión- _xFilosofía _916799 |
|
| 700 | 1 |
_aTrullard, Jacques, _d1815-1887 _9133400 |
|
| 700 | 1 |
_aQuinet, Edgar, _d1803-1875 _994643 |
|
| 852 |
_aES-MaACL _jF-7396 _z-- Enc. hol. |
||
| 852 |
_aES-MaACL _jD-4863 _z-- Enc. hol. |
||
| 999 |
_c156552 _d156552 |
||